000 00707nam a22002057a 4500
005 20251108170955.0
008 250721s1997 xx 000 0 ara d
082 1 4 _aط/595.71076/أون
100 1 _aأونيل، أماندا
245 1 0 _aلماذا تغزل العناكب شباكها و أسئلة أخرى حول الحشرات الزاحفة /
264 1 _aبيروت :
_bالدار العربية للعلوم،
_c1997.
300 _a31ص.
490 0 _aلماذا
650 1 7 _aالحشرات
650 1 7 _aالعنكبوتيات
653 _aاطفال مرحله متوسطه (6-9)سنوات
700 1 _aسماحة، ناتالي
_eترجمة
942 _2ddc
_cBK
999 _c53431
_d53431